000
00374nam a2200133Ia 4500
008
100328s9999 xx 000 0 und d
082
_b
47762
100
_a
औरंगाबादकर अनुराधा
245
_a
105 पराठे
260
_b
इंद्रायणी
630
_a
105 पराठे
730
_a
105 पराठे
942
_c
BOOK
999
_c
535486
_d
535483